000 00652nam a2200265Ia 4500
005 20260121161354.0
008 008 260114s9999 xx 000 0 eng d
020 _a9780203414644
037 _aEBOOK
040 _aCRL
040 _beng
040 _cCRL
041 _2eng
041 _aeng
084 _qCRL
100 _aAn Urban Approach To Climate Sensitive Design
_91043715
245 0 _aRohinton Emmanuel
260 _bTaylor and Francis
260 _c2005
650 _aArchitecture
_91043716
856 _uhttp://www.taylorfrancis.com/books/9780203414644
942 _cEBOOK
999 _c1610262
_d1610262